| 000 | 01172nam a22002657a 4500 | ||
|---|---|---|---|
| 005 | 20170124103036.0 | ||
| 010 | _aA-812414 | ||
| 020 | _c150.00 | ||
| 035 | _aA-812414 | ||
| 037 | _bCen Lib/Ret | ||
| 040 |
_aDPL _bHN |
||
| 082 |
_aक _bप्रसाद |
||
| 100 |
_aप्रसाद, जयशंकर _965552 |
||
| 245 |
_aविशिष्ट कहानियां / _cजयशंकर प्रसाद ; संपादन कृष्णदेव झारी |
||
| 246 |
_aVishisht kahaniyan / _bby Jashankar Prasad ; sampadak Krishndev Jhari |
||
| 260 |
_aनयी दिल्ली _bशारदा प्रकाशन _c1996 |
||
| 270 |
_bनयी दिल्ली _aअंसारी रोड,दरयागंज _e110002 |
||
| 300 |
_a190p. _c19cm(सजिल्द) |
||
| 650 |
_aहिंदी साहित्य _965553 |
||
| 650 |
_aहिंदी साहित्य _xकहानियां _965554 |
||
| 650 |
_aHindi literature _965555 |
||
| 650 |
_aHindi literature _xstories _965556 |
||
| 700 |
_aझारी, कृष्णदेव _965557 |
||
| 942 |
_2ddc _cHN _hक _mप्रसाद |
||
| 999 |
_c116248 _d116248 |
||